KOHA-Header-6

Cadet College Larkana (Record no. 12088)

000 -LEADER
fixed length control field 00270nam a22001217a 4500
082 ## - DEWEY DECIMAL CLASSIFICATION NUMBER
Classification number 358.4
100 ## - MAIN ENTRY--AUTHOR NAME
Personal name Muhammad Yusuf
245 ## - TITLE STATEMENT
Title Cadet College Larkana
260 ## - PUBLICATION, DISTRIBUTION, ETC. (IMPRINT)
Place of publication Larkana
Name of publisher Sindhica Academy
Year of publication 2013
300 ## - PHYSICAL DESCRIPTION
Number of Pages 620
650 ## - SUBJECT ADDED ENTRY--TOPICAL TERM
Topical Term English Fiction
942 ## - ADDED ENTRY ELEMENTS (KOHA)
Koha item type Books
Holdings
Withdrawn status Lost status Collection code Permanent Location Current Location Shelving location Full call number Accession Number Koha item type
    English Literature MAJU MAJU Shelf No.A13 358.4 9368 English Literature

Powered by Koha